000
00283nam a22001217a 4500
041
_a
ENG
100
_a
International Student
245
_a
Soil Mechanics Foundations And earth Structures
260
_a
Delhi
_b
Avi
_c
1998
300
_a
655
650
_a
SWCE (06)
856
_u
SWCE (06)
999
_c
2916
_d
2916